000 00613nam a2200217Ia 4500
005 20250508165758.0
008 008 250505s9999 xx 000 0 eng d
020 _a978-1-4742-4281-3
037 _aReference
040 _aFEDL
_beng
_cFEDL
041 _aeng
_2eng
084 _a300.72, GIB/RR
_qFEDL
100 _aGibson William J
_9781931
245 0 _aWorking with qualitative data
260 _aLondon, UK
_bSage Publications Ltd.
_c2009
300 _aix, 222p.
365 _aGBP
_b89
700 _a Brown Andrew
_9781932
942 _cREF
_h300.72, GIB/RR
999 _c1397422
_d1397422